Uchcha hisap bijnan (Record no. 5691)
[ view plain ]
| 000 -LEADER | |
|---|---|
| fixed length control field | 00506cam a2200193ua 4500 |
| 001 - CONTROL NUMBER | |
| control field | 6547 |
| 005 - DATE AND TIME OF LATEST TRANSACTION | |
| control field | 20260515114051.0 |
| 008 - FIXED-LENGTH DATA ELEMENTS--GENERAL INFORMATION | |
| fixed length control field | 140311n ii |||gr||||Z||||||asm |
| 040 ## - CATALOGING SOURCE | |
| Transcribing agency | MAIN |
| 082 ## - DEWEY DECIMAL CLASSIFICATION NUMBER | |
| Classification number | 657.046 |
| 245 ## - TITLE STATEMENT | |
| Title | Uchcha hisap bijnan |
| Statement of responsibility, etc. | By kamal chandra goswami |
| 250 ## - EDITION STATEMENT | |
| Edition statement | 1st ed. |
| 260 ## - PUBLICATION, DISTRIBUTION, ETC. | |
| Place of publication, distribution, etc. | Guwahati: |
| Name of publisher, distributor, etc. | Pathyaputhi prastuti samanay samiti, |
| Date of publication, distribution, etc. | 1978. |
| 300 ## - PHYSICAL DESCRIPTION | |
| Extent | x,251p. |
| 653 ## - INDEX TERM--UNCONTROLLED | |
| Uncontrolled term | Accounting |
| 653 ## - INDEX TERM--UNCONTROLLED | |
| Uncontrolled term | Uchcha hisap bijnan |
| 700 ## - ADDED ENTRY--PERSONAL NAME | |
| Personal name | Goswami,Kamal chandra, |
| Relator term | Author. |
| 942 ## - ADDED ENTRY ELEMENTS (KOHA) | |
| Koha item type | Books |
| Withdrawn status | Lost status | Damaged status | Not for loan | Home library | Current library | Shelving location | Date acquired | Total checkouts | Full call number | Barcode | Date last seen | Copy number | Price effective from | Koha item type |
|---|---|---|---|---|---|---|---|---|---|---|---|---|---|---|
| Naharkatiya College Library | Naharkatiya College Library | General stacks | 09/19/2020 | 657.046 | GOS | 13067 | 09/19/2020 | 1 | 09/19/2020 | Books | |||||
| Naharkatiya College Library | Naharkatiya College Library | General stacks | 09/19/2020 | 657.046 | GOS | 13068 | 09/19/2020 | 2 | 09/19/2020 | Books | |||||
| Naharkatiya College Library | Naharkatiya College Library | General stacks | 09/19/2020 | 657.046 | GOS | 13069 | 09/19/2020 | 3 | 09/19/2020 | Books |